000 00918nam a22003017a 4500
003 CHAP
005 20220329135731.0
008 971013s1994 r 00010 d
010 _a41264
011 _a42236
035 _a46364
040 _cCHAP
082 _a599.03
_bT5
245 _aTheria diccionario de mamíferos
260 _aMéxico, D.F. :
_bAGT Editor,
_c1994
300 _a174 p.
_b: ilus.
590 _aBATCH-UPD
_b10
_c20130110
_lUCH01
_h2121
590 _aBATCH-UPD
_b10
_c20130410
_lUCH01
_h1431
590 _aBATCH-UPD
_b10
_c20130914
_lUCH01
_h1726
590 _aCONVERSION
_b10
_c20130109
_lUCH01
_h1323
650 1 4 _aMamíferos
_xDiccionarios.
_970244
700 0 _aGarcía Guido, Benjamín.
_946093
700 0 _aLira, Irma E.
_967067
700 0 _aMudespacher, Carolina.
_979264
901 _aBK
942 _cLIBRO
949 _a599.03 T5
_bBC
_cC
_d33724000516506
_eC
_gI.c/e
_h88693
_i46364
_si
_t68.00
999 _c41264
_d41264